00397 a2200157 4500001000700000020000600007040001100013100001800024240002600042245002100068362000900089697001300098942000700111952010200118999001900220163743 a  cMagnum aDorin, Lannoy10aA procura do sollpor10aA procura do sol0 a1899 aJ/DROGAS cBK 00104070a32.5b32.5d2024-06-08l0oLI.03627pMAG00007540r2024-06-08 20:36:18w2024-06-08yBK c163743d163743